Normal view MARC view
  • Mayas

Entry Materia

Number of records used in: 2

001 - NÚMERO DE CONTROL DEL REGISTRO

  • campo de control: 46170

003 - IDENTIFICADOR DE NUMERO DE CONTROL

  • campo de control: UPN

005 - FECHA Y HORA DE LA ÚLTIMA TRANSACCIÓN

  • campo de control: 20220906103501.0

008 - DATOS DE LONGITUD FIJA

  • campo de control de longitud fija: 220906|| aca||babn | a|a d

040 ## - FUENTE DE LA CATALOGACIÓN

  • Centro catalogador de origen: UPN

046 ## - FECHAS CON CODIFICACIÓN ESPECIAL

  • Fecha final para contenidos agregados: 220906

150 ## - ENCABEZAMIENTO - TEMÁTICO

  • Término de materia o nombre geográfico como elemento inicial: Mayas
  • Subdivisión de materia general: Civilización
  • Subdivisión geográfica: Yucatán, Península de

450 ## - VÉASE - MATERIA

  • Encabezamiento temático: Mayas
  • Subdivisión temática general: Civilization
  • Subdivisión geográfica: Yucatán Península

670 ## - FUENTE EN LA QUE SE LOCALIZARON DATOS

  • Cita de la fuente: Biblioteca del Congreso (Estados Unidos), 6 septiembre 2022:
  • Información localizada: catálogo electrónico (Mayas -- Yucatán Peninsula -- Civilization)